Statistics for Huge List of U.S. Bodies of Water

Click here to take the quiz!

General Stats

  • This quiz has been taken 868 times
    (372 since last reset)
  • The average score is 24 of 47

Answer Stats

ClueAnswer% Correct
River in New York that is named after a British explorer who worked for the DutchHudson River
94%
Washington D.C. overlook this riverPotomac River
89%
George Washington crossed this river to launch a surprise attack on Trenton in 1776Delaware River
80%
Ocean in which Guam, Northern Mariana Islands and Hawaii are locatedPacific Ocean
80%
Destination of the Mormon pioneersGreat Salt Lake
78%
In the stories of Mark Twain, Tom Sawyer floated down this riverMississippi River
77%
Bay in which the Alcatraz prison island is situatedSan Francisco Bay
77%
Lowest of the Great LakesLake Ontario
76%
Makes the border between Texas and MexicoRio Grande
76%
A Canadian territory is named after this river that flows mostly through AlaskaYukon River
73%
Strait that is the northernmost part of the aboveBering Strait
71%
The above connects that ocean to this other oceanArctic Ocean
69%
Wether you're in Bismarck, ND or in Jefferson City, MO, you'd still be by this riverMissouri River
69%
Where Deepwater Horizon spilled oil in 2010Gulf of Mexico
68%
Makes the entire northern border of KentuckyOhio River
68%
Sound on which Seattle and Tacoma liePuget Sound
68%
"Serpentine" river that traverses the entire length of the state of IdahoSnake River
68%
Lewis and Clark reached the end point of their journey where this river
meets the Pacific Ocean
Columbia River
67%
Waterway that empties the water of the Great Lakes into the Atlantic OceanSt. Lawrence River
65%
You can sail from Duluth to Sault Ste. Marie in this body of waterLake Superior
64%
Largest lake by area in the world that is entirely located in a single countryLake Michigan
57%
Pueblo, Wichita, Tulsa and Little Rock all lie on this riverArkansas River
55%
Separated from the Atlantic Ocean by the Delmarva PeninsulaChesapeake Bay
55%
The longest bridge (causeway) in the U.S. crosses this lake north of New OrleansLake Pontchartrain
52%
Pond in New England where Thoreau sojournedWalden Pond
51%
Two rivers with this name make the North Dakota–Minnesota
and the Texas–Oklahoma border
Red River
50%
Saginaw Bay, Georgian Bay and Thunder Bay are all parts of itLake Huron
48%
Most of the coastline of Connecticut borders this soundLong Island Sound
47%
Vermont's most populous city lies on this lakeLake Champlain
45%
Where you'd find the Kodiak Island and the Alexander ArchipelagoGulf of Alaska
43%
The valley of this river was the destination of Oregon Trail pioneersWillamette River
36%
Oceanic inlet Anchorage overlooks - named for a British circumnavigatorCook Inlet
34%
Small lake that Detroit borders to its eastLake St. Clair
34%
Largest lake in FloridaLake Okeechobee
32%
Boston Harbor is a part of itMassachusetts Bay
24%
The gorge of this river in West Virginia was designated a National Park in 2021New River
24%
Longest river that is entirely located within TexasBrazos River
23%
Group of fjords that form a national park in southern AlaskaKenai Fjords
23%
Strait that contains a current that is the beginning of the Gulf StreamStraits of Florida
23%
This river was once popularly known as the "Cherokee River"Tennessee River
21%
The Washo tribe call it "Dáʔaw", meaning the lakeLake Tahoe
20%
A city of swords at its western end and a city of bovines at its easternLake Erie
19%
Strait between Washington and Vancouver IslandStrait of Juan de Fuca
19%
Lagoon that separates Miami from Miami BeachBiscayne Bay
18%
Lake between California and Oregon with namesake of a type of waterfowl (bird)Goose Lake
15%
Chris McCandless crossed itColorado River
12%
Alaskan sound where Exxon Valdez spilled oil in 1989Prince William Sound
10%

Score Distribution

Percentile by Number Answered

Percent of People with Each Score

Your Score History

You have not taken this quiz since the last reset